Awaking in bengal in early nineteenth century : (Record no. 144565)

MARC details
000 -LEADER
fixed length control field 00627nam a22001817a 4500
010 ## - LCCN (DPL NO)
LC control number ENG-120665
020 ## - INTERNATIONAL STANDARD BOOK NUMBER
International Standard Book Number 9788180642401
Terms of availability 500.00
035 ## - SYSTEM CONTROL NUMBER
System control number EN-104197
037 ## - SOURCE OF ACQUISITION
Source of stock number/acquisition DBAD/PUB
082 ## - DEWEY DECIMAL CLASSIFICATION NUMBER
Classification number 954.14
245 ## - TITLE STATEMENT
Title Awaking in bengal in early nineteenth century :
Statement of responsibility, etc edited by Goutam Chattopadhyay; foreword by Sabyasachi Bhattacharya
Remainder of title select documents /
260 ## - PUBLICATION, DISTRIBUTION, ETC. (IMPRINT)
Place of publication, distribution, etc Kolkata
Name of publisher, distributor, etc Progressive publishers
Date of publication, distribution, etc 2016
270 ## - ADDRESS
Address 37A, College Street,
City Kolkata
Postal code 700073
300 ## - PHYSICAL DESCRIPTION
Extent 536p.
Other physical details 23cm(Hb).
700 ## - ADDED ENTRY--PERSONAL NAME
Personal name Chattopadhyay, Goutam
700 ## - ADDED ENTRY--PERSONAL NAME
Personal name Bhattacharya, Sabyasachi
942 ## - ADDED ENTRY ELEMENTS (KOHA)
Source of classification or shelving scheme Dewey Decimal Classification
Item type English Books
Classification part 954.14
Call number suffix AWA
Holdings
Withdrawn status Lost status Not for loan Collection code Home library Current library Date acquired Source of acquisition Cost, normal purchase price Full call number Barcode Copy number Cost, replacement price Koha item type
      Non-fiction Shahdara Branch Shahdara Branch 14/09/2017 DBAD/PUB 500.00 954.14 AWA EN-104197 1 500.00 English Books

© Delhi Public Library
Hit Counter
free hit counter